000 00713nam a2200229Ii 4500
003 JO-AjNU
008 230605s9999||||xx |||||||||||||| ||und||
017 _a1999/11/2026
040 _aJO-AjNU
_bara
_erda
_cJO-AjNU
041 _aara
050 1 4 _aHM101 .Z8222 2000
100 3 _aالزعبي، انور,
_eauthor
_949292
245 0 0 _aفي تحليل المفاهيم
250 _aط1
264 3 1 _aعمان: وزارة الثقافة،2002
300 _a86ص
336 _atext
_btxt
_2rdacontent
337 _aunmediated
_bn
_2rdamedia
338 _avolume
_bnc
_2rdacarrier
490 0 _aكتاب الشهر ؛ 9
650 4 _aالثقافة - الفكر الاجتماعي - الفلسفة
_949293
999 _aA21641
_c25209
_d25209